|
|
|
|
| LEADER |
01278nam a2200337 4500 |
| 001 |
000012841 |
| 003 |
9165 |
| 005 |
20120229090255.0 |
| 008 |
120229s2011 viesd |
| 041 |
|
|
|a vie
|
| 072 |
|
|
|a Công trình nghiên cứu khoa học
|
| 082 |
|
|
|a 664.02284
|b TR-A
|
| 100 |
|
|
|a Trần, Đặng Đình An
|e Tác giả
|
| 245 |
|
|
|a Nghiên cứu chiết tách và phân lập Piperine từ hạt tiêu đen trong dung môi Diclometan
|c Trần Đặng Đình An
|
| 260 |
|
|
|a Đại học Đà Nẵng
|b Đại học Sư phạm
|c 2011
|
| 300 |
|
|
|c 29 cm
|
| 490 |
|
|
|a Báo cáo nghiên cứu khoa học khoa Hóa học.
|
| 653 |
|
|
|a Nghiên cứu
|
| 653 |
|
|
|a Phân lập Piperine
|
| 653 |
|
|
|a Hạt tiêu đen
|
| 700 |
|
|
|a Đỗ Thị Thúy Vân
|c Th.S
|e Hướng dẫn
|
| OWN |
|
|
|a LSP
|
| AVA |
|
|
|a UDN50
|b LSP
|d 664.02284 TR-A
|e available
|t Error 5001 Not defined in file expand_doc_bib_avail.
|f 1
|g 0
|h N
|i 0
|k 1
|
| 999 |
|
|
|a From the UDN01
|
| AVA |
|
|
|a UDN50
|b LSP
|d 664.02284 TR-A
|e available
|t Error 5001 Not defined in file expand_doc_bib_avail.
|f 1
|g 0
|h N
|i 0
|k 1
|
| TYP |
|
|
|a Monograph
|
| TYP |
|
|
|a Printed language
|
| 980 |
|
|
|a Mạng thư viện Đại học Đà Nẵng
|